000 00487nam a2200145Ia 4500
008 211109s9999||||xx |||||||||||||| ||und||
082 _a894.812
_bSIV-S
100 _aSivaraman Nair,
245 0 _aSakunthalopa Vyakyanavum Subdhraroharanam
260 _bNational Book Stall
_aKottayam
_c1930
300 _a99p.
630 _xGeneral Stack
650 _aLiteratures of other languages
_vAltaic, Uralic, Hyperborean & DravidianMalayalam LiteratureMalayalam Poetry
_xGeneralia
942 _cBOOK
999 _c5523
_d5523